| 000 | 00347nam a22001457a 4500 | ||
|---|---|---|---|
| 003 | MACL | ||
| 005 | 20190922155856.0 | ||
| 008 | 190922b xxu||||| |||| 00| 0 eng d | ||
| 040 | _cMACL | ||
| 100 |
_aMalakar, R M _976774 |
||
| 245 | _aRemarkable Dates | ||
| 260 |
_aTripura _bNaba Chandana Pra _c2016 |
||
| 650 |
_a G K _917291 |
||
| 942 |
_2ddc _cBK |
||
| 999 |
_c61084 _d61084 |
||